<?xml version="1.0" encoding="UTF-8"?>
<collection xmlns="http://www.loc.gov/MARC21/slim">
 <record>
  <leader>00598cam a2200145 7i4500</leader>
  <controlfield tag="001">0000002693</controlfield>
  <controlfield tag="005">20020724090000.0</controlfield>
  <datafield tag="090" ind1="0" ind2="0">
   <subfield code="a">JX 1581 </subfield>
   <subfield code="b">M35 R8</subfield>
  </datafield>
  <datafield tag="100" ind1="1" ind2="0">
   <subfield code="a">Rubin </subfield>
  </datafield>
  <datafield tag="245" ind1="1" ind2="4">
   <subfield code="a">The international personality of the Malay Peninsula : </subfield>
   <subfield code="b">a study of the international law of imperialism  </subfield>
   <subfield code="c">Alfred P. Rubin.</subfield>
  </datafield>
  <datafield tag="260" ind1="0" ind2="0">
   <subfield code="a">Kuala Lumpur: </subfield>
   <subfield code="b">Penerbit Universiti Malaya, </subfield>
   <subfield code="c">1974.</subfield>
  </datafield>
  <datafield tag="300" ind1="#" ind2="#">
   <subfield code="a">327p.; </subfield>
   <subfield code="c">25cm.</subfield>
  </datafield>
  <datafield tag="500" ind1="0" ind2="0">
   <subfield code="a">Originally presented as the author's thesis (M. Litt.), Cambridge, 1963</subfield>
  </datafield>
  <datafield tag="651" ind1="0" ind2="0">
   <subfield code="a">Malaysia, Semenanjun -- </subfield>
   <subfield code="x">Foreign relation -- </subfield>
   <subfield code="x">History. </subfield>
  </datafield>
  <datafield tag="999" ind1=" " ind2=" ">
   <subfield code="a">1000401480</subfield>
   <subfield code="b">Book</subfield>
   <subfield code="c">Open Shelf</subfield>
   <subfield code="e">KOLEKSI TERBUKA</subfield>
  </datafield>
 </record>
</collection>
